බුද්ධ ධර්මය හා බෞද්ධ ශිෂ්ටාචාරය කෙටි ප්‍රශ්නෝත්තර සංග්‍රහය : දහම් දැනුම /

Buddha dharmaya ha bauddha shishtacharaya keti prashnoththara sangrahaya
Saved in:
Bibliographic Details
Main Author: සමධිරතන හිමි, හෙනව
Format: Book
Published: කුරුණෑගල : වාසෝන් මුද්‍රණාලය, 1998.
Tags: Add Tag
No Tags, Be the first to tag this record!

MARC

LEADER 00000nam a2200000 4500
003 LK-CoNLD
005 20260406151624.0
008 260406b |||||||| |||| 00| 0 ||| d
015 |2 slnb 
017 |a 277427  |b LK-CoDNA 
040 |a LK-CoNLD  |b SIN  |c LK-CoNLD  |d LK-CoNLD 
082 |2 23  |q LK-CoNLD 
100 |a සමධිරතන හිමි, හෙනව  |9 93220 
245 |6 880-1  |a බුද්ධ ධර්මය හා බෞද්ධ ශිෂ්ටාචාරය කෙටි ප්‍රශ්නෝත්තර සංග්‍රහය :  |b දහම් දැනුම /  |c හෙනව සමාධිරතන හිමි. 
260 |a කුරුණෑගල :  |b වාසෝන් මුද්‍රණාලය,  |c 1998. 
300 |a පි. 28 ;  |c සෙමී. 20.  |b කබැ-බෝක : රු.32.50 
880 |6 245-1  |a Buddha dharmaya ha bauddha shishtacharaya keti prashnoththara sangrahaya 
942 |c BOOK 
945 |a 22031  |b Isuru WEERASEKARA  |c 22031  |d Isuru WEERASEKARA 
999 |c 298665  |d 298665